| 000 | 00589nam a2200181 a 4500 | ||
|---|---|---|---|
| 001 | 3768 | ||
| 005 | 20140414131854.0 | ||
| 008 | 061012s19uu xx 00 eng d | ||
| 020 | _a0-669-02658-1 | ||
| 050 |
_aTR 808 _bP121 1981 |
||
| 100 | _aPackard, Charles | ||
| 245 |
_aDeveloping writing skills, level D / _cby Charles Packard ; illustrations by Dorothea Sierra and Bill Morrison. |
||
| 260 |
_aLexington, Massachusetts : _bD.C. Heath, _c1981. |
||
| 300 | _a126 p. ; ill. ; cm. | ||
| 440 | _aHeath Composition Series | ||
| 650 |
_aWriting _xJuvenile literature |
||
| 999 |
_c110349 _d110349 |
||